01102nab a22002537a 4500999001500000003000400015005001700019008004100036040000700077100003100084245013000115260007300245300001300318500003600331505009400367505008100461650002300542650003400565650003100599650001800630700003100648773015600679942001300835 c6522d6522OSt20260219121932.0190429b xxu||||| |||| 00| 0 spa d cPJ 97125aCaffaro, Fabián M.13aLa perspectiva de género en los delitos derivados de las relaciones de familia /cFabián M. Caffaro y Joaquín J. Crotto cCiudad Autónoma de Buenos Aires :aThomson Reuters La Ley, b2024. ap. 25-31 aCita: TR LALEY AR/DOC/1703/2024 aSumario: I. El caso.— II. El análisis que proponemos.— III. A modo de reflexión.  tSi te interesa el texto completo, solicitalo a koha@justierradelfuego.gov.ar 09343aDERECHO PENAL 094044aPERSPECTIVA DE GÉNERO 09470aRELACIONES DE FAMILIA 093136aDELITOS 97126aCrotto, Joaquín J.0 0265893164tRevista de derecho penal y criminología. Nº 8 - Agosto 2024dCiudad Autónoma de Buenos Aires : Thomson Reuters La Ley, 2017-x00347914 2udccANA